000 00701nam a2200157 a 4500
001 000033381
005 20200930070223.0
008 110324s1934 dr a 000 0 spa d
040 _aDO-SdBNP
_bspa
_cBNPHU
082 _axxx
_bR426m
110 1 _aRepública Dominicana
_bSecretaría de Estado de Agricultura,
_bSección de Publicaciones y Difuciones Agrícola
_958957
245 1 0 _aMemoria que al honorable presidente de la república, general Rafael L. Trujillo Molina presenta el señor R. César Tolentino :
_brelativa a las labores realizadas en el departamento a su cargo durante el año 1932.
260 _aSanto Domingo :
_bTip "La Nación",
_c1934.
300 _a555 p. ;
_c23 cm.
049 _aBNPD
999 _c32872
_d32872